000
00307nam a2200121 a 4500
005
20140414093847.0
008
100616s19uu xx uuu eng d
050
_a
CDR 899.2103
_b
RIZ #4
100
_a
Rizal, Jose
245
_a
Noli me tengere :
_b
ang baliw ay pantas (4).
942
_c
AVM
999
_c
109663
_d
109663